00395nam a2200145Ia 4500008004100000100001900041245003400060245001900094260005900113260000900172300000900181650001800190650001500208856002600223170221s9999 xx 000 0 und d aS. Arulchelvan 2aA Study on Public Awareness  cS. Arulchelvan bOnline Journal of Communication and Media Technologies c2016 a15 : xCommunication xMedia Arts uhttp://www.ojcmt.net/